000 00667nam a2200205Ii 4500
003 JO-AjNU
008 230605s9999||||xx |||||||||||||| ||und||
040 _aJO-AjNU
_bara
_erda
_cJO-AjNU
041 _aara
050 1 4 _aBP173.6 2003
100 3 _aالحصين، سعد؛ جمع وترتيب رداد بن عبد الله الرداد,
_eauthor
_941227
245 0 0 _aالحكم بما أنزل الله فرض عين على كل مسلم
250 _aط1
264 3 1 _aد.م: د.ن، 2003
300 _a144ص
336 _atext
_btxt
_2rdacontent
337 _aunmediated
_bn
_2rdamedia
338 _avolume
_bnc
_2rdacarrier
650 4 _aالتوحيد
_941228
999 _aA17560
_c21128
_d21128